Elementary circuit properties of transistors (Record no. 23315)

000 -LEADER
fixed length control field 00727nam a22002531 4500
001 - CONTROL NUMBER
control field 23315
003 - CONTROL NUMBER IDENTIFIER
control field BD-DhUET
008 - FIXED-LENGTH DATA ELEMENTS--GENERAL INFORMATION
fixed length control field 730109s1964 nyua b 000 0 eng
040 ## - CATALOGING SOURCE
Original cataloging agency DLC
Transcribing agency DLC
Modifying agency BD-DhUET
082 ## - DEWEY DECIMAL CLASSIFICATION NUMBER
Classification number 623.8151
Item number SEA/19649
100 1# - MAIN ENTRY--PERSONAL NAME
Personal name Searle, Campbell L.
245 10 - TITLE STATEMENT
Title Elementary circuit properties of transistors
250 ## - EDITION STATEMENT
Edition statement 1st ed.
260 ## - PUBLICATION, DISTRIBUTION, ETC. (IMPRINT)
Place of publication, distribution, etc. New York
Name of publisher, distributor, etc. John Wiley & Sons
Date of publication, distribution, etc. 1964
300 ## - PHYSICAL DESCRIPTION
Extent xxi, 306 p.
Other physical details illus
Dimensions 22 cm.
490 ## - SERIES STATEMENT
Series statement Semiconductor electronics education committee books
500 ## - GENERAL NOTE
General note Volume - 3
504 ## - BIBLIOGRAPHY, ETC. NOTE
Bibliography, etc Includes bibliographies
650 #0 - SUBJECT ADDED ENTRY--TOPICAL TERM
Topical term or geographic name as entry element Circuits : Electronics : Engg.
700 ## - ADDED ENTRY--PERSONAL NAME
Personal name Boothroyd, A. R.
700 ## - ADDED ENTRY--PERSONAL NAME
Personal name Angelo, E. J.
700 ## - ADDED ENTRY--PERSONAL NAME
Personal name Gray, Paul E.
942 ## - ADDED ENTRY ELEMENTS (KOHA)
Koha item type General Book
Holdings
Piece designation (barcode) Koha normalized classification for sorting Lost status Copy number Koha item type Withdrawn status Koha full call number Damaged status Koha date last seen Not for loan Shelving location Location (home branch) Date acquired Sublocation or collection (holding branch) Price effective from Source of classification or shelving scheme
35735623_815100000000000_SEA_1964 1General Book 623.8151/SEA/1964 2015-05-03 Circulation sectionCentral Library, BUET2015-05-03Central Library, BUET2015-05-03 
35749623_815100000000000_SEA_1964 2General Book 623.8151/SEA/1964 2015-05-03 Circulation sectionCentral Library, BUET2015-05-03Central Library, BUET2015-05-03 
16238623_815100000000000_SEA_1964 3General Book 623.8151/SEA/1964 2015-05-04 Circulation sectionCentral Library, BUET2015-05-04Central Library, BUET2015-05-04 
12507623_815100000000000_SEA_1964 4General Book 623.8151/SEA/1964 2015-05-04 Circulation sectionCentral Library, BUET2015-05-04Central Library, BUET2015-05-04 
27851623_815100000000000_SEA_1964 5General Book 623.8151/SEA/1964 2015-05-04 Circulation sectionCentral Library, BUET2015-05-04Central Library, BUET2015-05-04 
43533623_815100000000000_SEA_1964 6General Book 623.8151/SEA/1964 2015-05-04 Circulation sectionCentral Library, BUET2015-05-04Central Library, BUET2015-05-04 
45010623_815100000000000_SEA_1964 7General Book 623.8151/SEA/1964 2015-05-04 Circulation sectionCentral Library, BUET2015-05-04Central Library, BUET2015-05-04 
35742623_815100000000000_SEA_1964 8General Book 623.8151/SEA/1964 2015-05-04 Circulation sectionCentral Library, BUET2015-05-04Central Library, BUET2015-05-04 
33540623_815100000000000_SEA_1964 9General Book 623.8151/SEA/1964 2015-05-04 Circulation sectionCentral Library, BUET2015-05-04Central Library, BUET2015-05-04